000 00782nam a22002417a 4500
005 20240530110511.0
008 151101s2007 ua a g 000 0 ara d
017 _a2007/11359
_bمصر . دار الكتب المصرية
020 _a9772903814
040 _aEG-CaGPL
082 0 4 _221
_a303.32\
_bم ث
100 0 _aممدوح الشيخ .
245 1 0 _aثقافة قبول الاخر /
_cممدوح الشيخ .
250 _aط1.
260 _aالقاهرة :
_bمكتبة جزيرة الورد ،
_c2007 .
300 _a255 ص ؛
_c24 سم .
650 0 4 _aالثورة الفرنسية .
650 0 4 _aابادة الشعوب .
650 0 4 _aالنازية .
650 0 4 _aالشيوعية .
942 _2ddc
_cBK
999 _c61672
_d61672